¿ Por qué la inseguridad es un asunto de salud pública? /

Un gran porcentaje de la población mexicana está expuesta a altos niveles de violencia y sentimientos de inseguridad, lo cual manifiesta la urgencia de proponer soluciones a este problema. Desde la década de los ochenta se comenzó a estudiar este fenómeno desde la perspectiva de la salud pública. In...

সম্পূর্ণ বিবরণ

সংরক্ষণ করুন:
গ্রন্থ-পঞ্জীর বিবরন
প্রধান লেখক: Barreda, Luis de la
বিন্যাস: পাঠ‍্য
বিষয়গুলি:
ট্যাগগুলো: ট্যাগ যুক্ত করুন
কোনো ট্যাগ নেই, প্রথমজন হিসাবে ট্যাগ করুন!

MARC

LEADER 00000 a a2200000 04500
001 17281
003
040
100 |a Barreda, Luis de la  
245 |a ¿ Por qué la inseguridad es un asunto de salud pública? /  |c Luis de la Barreda 
520 |a Un gran porcentaje de la población mexicana está expuesta a altos niveles de violencia y sentimientos de inseguridad, lo cual manifiesta la urgencia de proponer soluciones a este problema. Desde la década de los ochenta se comenzó a estudiar este fenómeno desde la perspectiva de la salud pública. Investigadores y tomadores de decisiones han producido un número considerable de estudios y programas a fin de dar respuesta a este reto. Esta propuesta representa una oportunidad para reconocer e incorporar los avances de diversas disciplinas ante el problema de la violencia y la inseguridad, y tiene como objetivo presentar el problema de la inseguridad en México desde la perspectiva de la salud pública  
650 |a SEGURIDAD CIUDADANA  
650 |a VIOLENCIA  
650 |a SALUD PUBLICA  
650 |a POLITICAS PUBLICAS  
650 |a MEXICO  
773 |g volumen 49 Edición Espe; páginas 139-140  
999 |c 36324  |d 36324